| 000 | 01070nam a22002417a 4500 | ||
|---|---|---|---|
| 005 | 20100723100918.0 | ||
| 010 | _aHIN-89796 | ||
| 020 |
_c120.00 _a9788176752336 |
||
| 035 | _aHN-62142 | ||
| 037 | _bDBAD/PUB | ||
| 082 | _a821 | ||
| 100 |
_aजयपाल _91016 |
||
| 245 |
_aदरवाजों के बाहर / _cजयपाल |
||
| 246 |
_aDarwajon ke bahar _bby Jaypal |
||
| 260 |
_aपंचकूला (हरियाणा) _bआधार प्रकाशन _c2010 |
||
| 270 |
_aएस. सी. एफ. 267, सेक्टर-16, पंचकूला _bपंचकूला (हरियाणा) _e134113 _maadhar_prakashan@yahoo.com |
||
| 300 |
_a96पृ. _b22सेमी (सजिल्द) |
||
| 650 |
_bहिन्दी कविता _9697 |
||
| 650 |
_bHindi Poetry _9698 |
||
| 700 |
_aजसवाल, अवतार सिंह _91006 |
||
| 942 |
_2ddc _cHN _h821 _mजयपा |
||
| 999 |
_c37402 _d37402 |
||